| 000 | 01435nam a2200301 i 4500 | ||
|---|---|---|---|
| 003 | EG-GICUC | ||
| 005 | 20260130001226.0 | ||
| 008 | 260129s1983 ua ||||fr|||| 00| 0 ara d | ||
| 040 |
_a EG-GICUC _bara _c EG-GICUC _d EG-GICUC _erda |
||
| 041 | 0 | _aara | |
| 082 | 0 | 4 |
_221 _a345 _bف أ . ت |
| 092 | 0 | 4 | _221 |
| 099 | _aLaw1 07 345 ف أ . ت 1983 | ||
| 100 | 0 |
_aفاروق عبدالبر _eمؤلف. |
|
| 245 | 1 | 0 |
_aتقدير كفاية العاملين بالخدمة المدنية في علم الإدارة العامة والقانون الإداري / _cتأليف دكتور فاروق عبدالبر. |
| 264 | 1 |
_aالقاهرة : _bعالم الكتب، _c1983. |
|
| 300 |
_a460 ؛ صفحة _c24 سم. |
||
| 336 |
_2rda content _atext |
||
| 337 |
_2rda media _aComputer |
||
| 338 |
_2rda carrier _aOnline Resource |
||
| 500 | _aقدمت هذه الرسالة الى كلية الحقوق جامعة القاهرة الحصول على درجة الدكتوراه، وقد نالت باجماع آراء اعضاء لجنة الحكم عليها تقدير جيد جدا مع مرتبة الشرف والتبادل مع الجامعات | ||
| 504 | _aيشتمل على إرجاعات ببليوجرافية. | ||
| 546 | _aالنص باللغة العربية | ||
| 650 | 1 | 4 | _aالقانون الإدارى |
| 856 | 4 | 0 | _uhttps://fll.law.cu.edu.eg/fulltext/bks/B07-02693.pdf |
| 905 | _a77 | ||
| 942 |
_2ddc _cBK _e21 _n0 |
||
| 999 |
_c60094 _d60094 |
||